| 000 | 00481nam a22001577a 4500 | ||
|---|---|---|---|
| 005 | 20151112123756.0 | ||
| 008 | 151112b xxu||||| |||| 00| 0 eng d | ||
| 022 | _a0974-6862 | ||
| 245 | _aIndian journal of corporate governance | ||
| 260 |
_aSage Publication _bNew Delhi _c2015 |
||
| 300 |
_av. : _c23cm. |
||
| 310 | _aBiannually | ||
| 651 | _vPeriodicals. | ||
| 270 |
_aB1/1-1,Mohan Cooperative Industrial Area,Mathura Road, _bNew Delhi _dIndia _e110044 |
||
| 942 |
_2ddc _cSR _s1 _mIND |
||
| 999 |
_c98159 _d98159 |
||